| 000 | 00538nam a22001817a 4500 | ||
|---|---|---|---|
| 005 | 20260425112849.0 | ||
| 008 | 260424b |||||||| |||| 00| 0 eng d | ||
| 020 |
_a9780000988553 _c1495.00 |
||
| 040 | _aMAIN | ||
| 041 | _aEnglish | ||
| 082 |
_bRAD _a515.62 |
||
| 100 |
_aRadin, Michael A. _926756 |
||
| 245 |
_aDifference Equations for Scientists and Engineering _b: Interdisciplinary Difference Equations |
||
| 260 |
_aSingapore _bWorld Scientific _c2020 |
||
| 300 | _a317 | ||
| 650 |
_aMathematics (PM USHA) _926738 |
||
| 942 | _cBK | ||
| 999 |
_c60741 _d60741 |
||